All Zac Brown Band Songs - Statistics

General Stats
  • This quiz has been taken 63 times
  • The average score is 24 of 101
Answer Stats
Album Year % Correct
Home Grown Chicken Fried
96%
Jekyll + Hyde Homegrown
89%
The Foundation Toes
83%
You Get What You Give Knee Deep
80%
Pass the Jar: Zac Brown Band and Friends Live from the Fabulous Fox Theatre in Atlanta Colder Weather
72%
You Get What You Give As She's Walking Away
67%
The Foundation Highway 20 Ride
61%
The Foundation Free
57%
Uncaged Jump Right In
57%
Uncaged Sweet Annie
57%
Uncaged Uncaged
52%
Home Grown Whatever It Is
52%
The Foundation Where the Boat Leaves From
50%
Uncage Island Song
48%
You Get What You Give Keep Me in Mind
46%
The Foundation Sic 'em on a Chicken
46%
Welcome Home My Old Man
41%
Jekyll + Hyde Castaway
39%
Jekyll + Hyde Loving You Easy
39%
Jekyll + Hyde Beautiful Drug
37%
The Foundation Jolene
37%
The Foundation Mary
37%
Uncaged Natural Disaster
35%
Uncaged The Wind
35%
Uncaged Goodbye in Her Eyes
33%
You Get What You Give No Hurry
33%
Jekyll + Hyde Heavy Is the Head
30%
Welcome Home Roots
30%
You Get What You Give Cold Hearted
28%
Pass the Jar: Zac Brown Band and Friends Live from the Fabulous Fox Theatre in Atlanta Whiskey's Gone
28%
Uncaged Day That I Die
26%
Welcome Home Family Table
26%
Jekyll + Hyde Mango Tree
26%
The Owl Someone I Used to Know
26%
You Get What You Give Let It Go
24%
Jekyll + Hyde Tomorrow Never Comes
24%
Jekyll + Hyde Bittersweet
22%
You Get What You Give I Play the Road
22%
The Foundation It's Not OK
22%
The Owl OMW
22%
Welcome Home Real Thing
22%
Jekyll + Hyde Remedy
22%
The Foundation Violin Intro to Free
22%
Welcome Home All the Best
20%
Jekyll + Hyde I'll Be Your Man (Son of a Daughter)
20%
Uncaged Last But Not Least
20%
You Get What You Give Martin
20%
Uncaged Overnight
20%
You Get What You Give Settle Me Down
20%
Home Grown Junkyard
17%
Uncaged Lance's Song
17%
Welcome Home Long Haul
17%
You Get What You Give Quiet Your Mind
17%
The Owl The Woods
17%
Pass the Jar: Zac Brown Band and Friends Live from the Fabulous Fox Theatre in Atlanta | Welcome Home Trying to Drive
17%
Welcome Home Your Majesty
17%
Welcome Home 2 Places at 1 Time
15%
The Grohl Sessions, Vol. 1 All Alright
15%
The Grohl Sessions, Vol. 1 Day for the Dead
15%
The Grohl Sessions, Vol. 1 Let It Rain
15%
You Get What You Give Make This Day
15%
Welcome Home Start Over
15%
You Get What You Give Who Knows
15%
Jekyll + Hyde Wildfire
15%
Jekyll + Hyde Young and Wild
15%
Jekyll + Hyde Dress Blues
13%
The Owl Leaving Love Behind
13%
The Owl Shoofly Pie
13%
The Owl God Given
11%
Jekyll + Hyde One Day
11%
You Get What You Give Smoke Rise
11%
The Grohl Sessions, Vol. 1 The Muse
11%
The Owl Warrior
11%
The Owl Already on Fire
9%
Pass the Jar: Zac Brown Band and Friends Live from the Fabulous Fox Theatre in Atlanta Blackbird
9%
Home Grown | You Get What You Give Every Little Bit
9%
The Owl Me and the Boys in the Band
9%
The Owl Need This
9%
You Get What You Give Nothing
9%
Pass the Jar: Zac Brown Band and Friends Live from the Fabulous Fox Theatre in Atlanta The Devil Went Down to Georgia
9%
Single The Man Who Loves You the Most
9%
Pass the Jar: Zac Brown Band and Friends Live from the Fabulous Fox Theatre in Atlanta Alabama Jubilee
7%
Pass the Jar: Zac Brown Band and Friends Live from the Fabulous Fox Theatre in Atlanta Bar
7%
Pass the Jar: Zac Brown Band and Friends Live from the Fabulous Fox Theatre in Atlanta Can't You See
7%
You Get What You Give Oh My Sweet Carolina
7%
Pass the Jar: Zac Brown Band and Friends Live from the Fabulous Fox Theatre in Atlanta The Night They Drove Old Dixie Down
7%
Pass the Jar: Zac Brown Band and Friends Live from the Fabulous Fox Theatre in Atlanta We're Gonna Make This Day
7%
Home Grown Heather
4%
Pass the Jar: Zac Brown Band and Friends Live from the Fabulous Fox Theatre in Atlanta I Shall Be Released
4%
Home Grown On This Train
4%
Home Grown Tax Man Shoes
4%
Home Grown Better Day
2%
Home Grown Curse Me
2%
The Foundation Different Kind of Fire
2%
You Get What You Give Father and Son
2%
Home Grown These Days
2%
Home Grown Valentines
2%
Pass the Jar: Zac Brown Band and Friends Live from the Fabulous Fox Theatre in Atlanta Where the Boat Comes From / One Love
2%
The Owl Finished What We Started
0%
No matching quizzes found
Score Distribution
Percent of People with Each Score
Percentile by Number Answered
Your Score History
You have not taken this quiz